Patria : linda palabra /
Guardado en:
| Autor Principal: | |
|---|---|
| Formato: | Libro |
| Publicado: |
Paraná :
Nueva Impresora,
1963
|
| Materias: | |
| Etiquetas: |
Agregar Etiqueta
Sin Etiquetas, Sea el primero en etiquetar este registro!
|
| LEADER | 00697nam a22002055a 4500 | ||
|---|---|---|---|
| 001 | CEM.cems001868 | ||
| 005 | 20100907131426.0 | ||
| 008 | 130507s1963##################000#0#####d | ||
| 003 | CEMS | ||
| 082 | 0 | 4 | |a A868.4 |
| 100 | 1 | |a Cruz, Arnaldo H. | |
| 245 | 1 | 0 | |a Patria : |b linda palabra / |c Arnaldo H. Cruz |
| 260 | |a Paraná : |b Nueva Impresora, |c 1963 | ||
| 300 | |a 77 p. | ||
| 505 | 0 | |a Patria: linda palabra -- Milagro de nochebuena -- Los verdes mechones -- Parte de una vida -- Dos hermanos -- Entrerriano habia e'seri | |
| 653 | |a Literatura | ||
| 653 | |a Literatura argentina-siglo 20 | ||
| 653 | |a Cuentos | ||
| 653 | |a Cuento argentino | ||
| 859 | |a CEMS |b BIB. CEMS - 11 de abril |h A868.4 |i C889 |p 9668.81 |t Ej.1 | ||
